| 000 | 00342nam a2200133Ia 4500 | ||
|---|---|---|---|
| 005 | 20251222143308.0 | ||
| 008 | 251222s9999||||xx |||||||||||||| ||spa|| | ||
| 020 | _a958-8226-05-2 | ||
| 082 | _a372.622/C79 | ||
| 100 | _aCórdova Aguilar, Fulvio | ||
| 245 | 0 | _aLa Glotodidáctica: | |
| 264 | _bUniversidad Pedagógica Nacional | ||
| 942 | _cLIB | ||
| 999 |
_c15597 _d15597 |
||